| 000 | 00915nam a22002297a 4500 | ||
|---|---|---|---|
| 003 | NALT | ||
| 005 | 20251125233120.0 | ||
| 008 | s2557 th tha d | ||
| 020 | _a9786162693021 | ||
| 040 | _aNALT | ||
| 041 | _atha | ||
| 090 |
_aKS 48.1 _bส447ห 2557 |
||
| 100 | 0 |
_aสหธน รัตนไพจิตร _918910 |
|
| 245 | 1 | 0 |
_aหลักกฎหมายตั๋วเงิน = _bPrinciple of law : bills, notes and cheques / _cสหธน รัตนไพจิตร. |
| 260 |
_aกรุงเทพฯ : _bวิญญูชน, _c2557. |
||
| 300 |
_a479 หน้า ; _b _c24 ซม. |
||
| 650 | 4 |
_aกฎหมายแพ่งและพาณิชย์ _xตั๋วเงิน _918911 |
|
| 850 | _aNALT | ||
| 856 | 4 | 0 | _uhttps://hdl.handle.net/20.500.14156/512857 |
| 942 |
_cLB _2local |
||
| 999 |
_c73361 _d73361 |
||
| 998 |
_j104 _k นางสาวสายฝน ดีงาม |
||